| 000 | 00741nam a2200253 i 4500 | ||
|---|---|---|---|
| 001 | 16803 | ||
| 003 | ES-MaACL | ||
| 005 | 20240531062938.0 | ||
| 007 | t| | ||
| 008 | 001108s1997 sp l |||| | spa j | ||
| 020 | _a84-505-6889-7 | ||
| 080 | _a342.4(460)"1978"(094.5) | ||
| 110 | 1 |
_aEspaña. _93657 _tConstitución, 1978 |
|
| 245 | 1 | 0 | _aConstitución española. |
| 260 |
_a[Madrid] : _bSenado, _c[1997] |
||
| 300 |
_a120 p ; _c24 cm. |
||
| 500 | _aTít. tomado de cub. | ||
| 650 | 4 |
_911292 _aConstituciones- _zEspaña |
|
| 655 | 7 |
_2tgfbne _9226828 _aConstituciones |
|
| 710 | 1 |
_aEspaña. _bCortes Generales. _bSenado. _93674 |
|
| 852 |
_aES-MaACL _jG-3853 _917184 _cDEPO2 |
||
| 942 | _2udc | ||
| 999 |
_c16803 _d16803 |
||